书目信息 |
| 书名: | A survey of modern algebra | |
| 作者: | Garrett Birkhoff, Saunders MacLane. | |
| 分册号: | ||
| 分册名: | 出版地: | New York : |
|
| 出版社: | Macmillan | |
| 出版时间: | c1977. | |
| 页数: | xi, 500 p. ; | |
| 开本: | 24 cm. | |
| 丛书名: | ||
| 中图分类号: | ||
| 科图分类号: | ||
| 其他分类号: | H319.4 | |
| 主题词: | ||
| 电子资源: | ||
| 000 | 00948cam 2200325 i 45 | |
| 001 | E0732969373 | |
| 003 | OCoLC | |
| 005 | 20070303091151.57 | |
| 008 | 991217s1977 nyu b 001 0 eng | |
| 010 | @a 75042402 //r84 | |
| 020 | @a0023100702. | |
| 040 | @aDLC@cDLC@dUBA | |
| 050 | 00 | @aQA162@b.B57 1977 |
| 082 | @a512 | |
| 090 | @aP138/W16/1977 | |
| 090 | @aH319.4 | |
| 099 | @dH319.4@ex23=4 | |
| 100 | 1 | @aBirkhoff, Garrett,@d1911- |
| 245 | 12 | @aA survey of modern algebra / @cGarrett Birkhoff, Saunders MacLane. |
| 250 | @a4th ed. | |
| 260 | @aNew York :@bMacmillan,@cc1977. | |
| 300 | @axi, 500 p. ;@c24 cm. | |
| 500 | @aIncludes index. | |
| 504 | @aBibliography: p. 483-485. | |
| 650 | 7 | @aAlgebra @2 larpcal |
| 650 | 7 | @aAlgebra Abstrata @2 larpcal |
| 650 | 0 | @aAlgebra, Abstract. |
| 700 | 2 | @aMac Lane, Saunders,@d1909-@ejoint author. |
| 905 | @a80-01242@bLib | |
| 920 | @a232010@z2 | |
| A survey of modern algebra / / Garrett Birkhoff, Saunders MacLane.-4th ed.-New York : : Macmillan, , c1977. |
| xi, 500 p. ; ; 24 cm. |
| Includes index.-Bibliography: p. 483-485. |
| ISBN 0023100702. |
| ● |
| 相关链接 |
|
|
|
|
正题名:survey of modern algebra
索取号:H319.4/x23=4
 
预约/预借
| 序号 | 登录号 | 条形码 | 馆藏地/架位号 | 状态 | 备注 |
| 1 | 16946 | 202462753 | 第四借阅区/ [索取号:H319.4/x23=4] | 在馆 |